01199nam a2200301Ia 4500001001200000003000800012006001900020007001500039008004100054020001800095040002100113035002100134050002500155100001700180245014800197250001300345260005200358300001800410504005100428533015200479650003400631650001600665650002700681655002900708710001700737856012600754999001700880ebr10377984CaPaEBRm u cr cn|||||||||090210s2011 mau sb 001 0 eng d z9781435456440 aCaPaEBRcCaPaEBR a(OCoLC)60849470814aTA169.5b.S56 2011eb1 aSimon, Phil.10aWhy new systems failh[electronic resource] :ban insider's guide to successful IT projects /cPhil Simon; with a foreword by Bruce F. Webster. aRev. ed. aBoston, MA :bThomson Course Technology,c2011. axxvii, 351 p. aIncludes bibliographical references and index. aElectronic reproduction.bPalo Alto, Calif. :cebrary,d2010.nAvailable via World Wide Web.nAccess may be limited to ebrary affiliated libraries. 0aSystem failures (Engineering) 0aManagement. 0aIndustrial management. 7aElectronic books.2local2 aebrary, Inc.40uhttp://site.ebrary.com/lib/rucke/Doc?id=10377984zAn electronic book accessible through the World Wide Web; click to view c97646d97646